Normal view
MARC view
- Ahmed Bin Yusuf Al Darwaish
Entry Personal Name
001 - CONTROL NUMBER
- control field: 26697
003 - CONTROL NUMBER IDENTIFIER
- control field: NUST
005 - DATE AND TIME OF LATEST TRANSACTION
- control field: 20191210143153.0
008 - FIXED-LENGTH DATA ELEMENTS
- fixed length control field: 191210|| aca||aabn | a|a d
040 ## - CATALOGING SOURCE
- Original cataloging agency: NUST
- Transcribing agency: NUST
100 ## - HEADING--PERSONAL NAME
- Personal name: Ahmed Bin Yusuf Al Darwaish
670 ## - SOURCE DATA FOUND
- Source citation: Work cat.: (NUST): Ahmed Bin Yusuf Al Darwaish, Wali-Ul-Ammar Ki Ataat /, 2018.
